Bytový dom
Na minha lista:
| Autor principal: | |
|---|---|
| Outros Autores: | |
| Formato: | Manuscrito Livro |
| Idioma: | eslovaco |
| Publicado em: |
2025
|
| Assuntos: | |
| Acesso em linha: | http://is.stuba.sk/zp/portal_zp.pl?podrobnosti=174737 CRZP |
| Tags: |
Sem tags, seja o primeiro a adicionar uma tag!
|
MARC
| LEADER | 00000ntm a22000003a 4500 | ||
|---|---|---|---|
| 001 | stuzp104974 | ||
| 003 | SK-STU | ||
| 005 | 20250729110611.7 | ||
| 007 | ta | ||
| 008 | 150427s2015----xo-----f-mn---000-0-slo-d | ||
| 040 | |a STU |b slo | ||
| 041 | 0 | |a slo | |
| 100 | 1 | |a Takács, Bence |u 010270 |4 aut |U SvF Stavebná fakulta |T SvF Katedra technológie stavieb |X 120258 |U V270 |Y 28 |7 120258 | |
| 242 | 0 | 1 | |a Residential House |y eng |
| 245 | 1 | 0 | |a Bytový dom |
| 260 | |c 2025 | ||
| 650 | 4 | |a Sadrokartón |2 slo | |
| 650 | 4 | |a Sadrokartónové priečky |2 slo | |
| 650 | 4 | |a Bytový dom |2 slo | |
| 650 | 4 | |a Residential Building |2 eng | |
| 650 | 4 | |a Drywall |2 eng | |
| 650 | 4 | |a Drywall partitions |2 eng | |
| 700 | 1 | |a Hopocký, Adam |u 010270 |k Z3 |4 ths |U SvF Stavebná fakulta |T SvF Katedra technológie stavieb |X 98529 |U V270 |Y 28 |7 98529 | |
| 856 | 4 | |u http://is.stuba.sk/zp/portal_zp.pl?podrobnosti=174737 | |
| 856 | 4 | |u https://opac.crzp.sk/?fn=detailBiblioForm&sid=0E3CFF6F9736DEA1203FF1811818 |z CRZP | |